000 00398 a2200145 4500
005 20250623123622.0
020 _a0-02-354461-9
082 _aLM 620.1 HIB
100 _aHIBBELER, R. C.
245 _aEngineering Mechanics: Statics and Dynamics
250 _a5th Ed.
260 _aLondon,
_bMacmillan Publishing Company,
_c1989.
300 _axi, 552p.: Ill.; figure.
_bIndex
_c24cm
942 _2ddc
_cBKS
999 _c4213
_d4213